000
00450nam a2200145Ia 4500
008
090124s9999 xx 000 0 und d
082
_b
201795
245
_a
केवळ स्वराज्यासाठी
250
_a
4
260
_b
आपटे ह. ना.
_c
1964
300
_a
371
630
_a
केवळ स्वराज्यासाठी
730
_a
केवळ स्वराज्यासाठी
942
_c
BOOK
999
_c
183376
_d
183376